000 00506nam a22002297a 4500
003 UA-OsUOA
001 64219
007 ta
008 20091103b un ||||| |||| 00| 0 ukr d
100 _aСоллогуб В.
090 _a821.161.1
_bС60
942 _cBK
040 _aUA-OsUOA
_bukr
_cUA-OsUOA
_dUA-OsUOA
245 _aТарантас
300 _a455 с.
955 _a3
041 _aukr
080 _a821.161.1
260 _aК.
_bДніпро
_c1989
650 7 _2UDC
999 _c350260
_d350260